000
00297nam a22001337a 4500
008
170208b xxu||||| |||| 00| 0 eng d
020
_a
9780721632445
041
_a
eng
080
_2
4TH
_a
61
100
_a
4
101
_a
SHM
245
_a
THE LANGUAGE OF MEDICINE
_c
CHABNER, D.E
942
_2
udc
_c
BK
999
_c
4945
_d
4945